Name the Video Game Console - Statistics

General Stats
  • This quiz has been taken 94 times
  • The average score is 29 of 40
Answer Stats
Picture Answer % Correct
Nintendo Game Boy
95%
Nintendo Wii
95%
Sony PlayStation
95%
Sony PlayStation 2
95%
Microsoft Xbox
94%
Nintendo Entertainment System
94%
Nintendo GameCube
94%
Microsoft Xbox 360
92%
Sony PlayStation 3
92%
Nintendo DS
91%
Sony PlayStation 4
91%
Nintendo Game Boy Advance
89%
Nintendo Switch
89%
Super Nintendo Entertainment System
89%
Sony PlayStation Portable
88%
Nintendo 64
86%
PlayStation Vita
86%
Nintendo Wii U
84%
Nintendo 3DS
80%
Microsoft Xbox One
78%
SEGA Genesis
78%
Atari Lynx
77%
SEGA Game Gear
73%
Atari 2600
70%
SEGA Dreamcast
70%
Virtual Boy
67%
SEGA Saturn
61%
Nokia N-Gage
56%
Atari Jaguar
55%
SEGA Master System
55%
Amiga CD32
52%
Neo Geo
50%
WonderSwan
48%
TurboGrafx-16
44%
ColecoVision
39%
Magnavox Odyssey
39%
Mattel Intellivision
39%
3DO
36%
Atari 7800
34%
Magnavox Odyssey²
30%
No matching quizzes found
Score Distribution
Percent of People with Each Score
Percentile by Number Answered
Your Score History
You have not taken this quiz